Migrant population in Bulgaria, by source country, 2013 Quiz Stats

 Plays Quiz not verified by Sporcle

Challenge
Share
Tweet
Embed
Score 0/30 Timer 04:00
0 Plays Today
Number of Migrants Country of Origin % Correct
5,196Greece
100%
19,733Russia
100%
4,170Turkey
100%
3,206United Kingdom
98.8%
6,371Romania
97.5%
906China
95%
592France
93.8%
1,141Italy
93.8%
6,193Ukraine
93.8%
2,195Germany
92.5%
2,430Serbia
92.5%
2,558Macedonia
92.5%
701Iraq
88.8%
1,646Spain
88.8%
1,994Moldova
87.5%
Number of Migrants Country of Origin % Correct
1,317Syria
86.3%
1,261Poland
85%
1,195Albania
83.8%
1,246United States
81.3%
663Belarus
78.8%
1,551Armenia
77.5%
2,270Azerbaijan
65%
651Lebanon
63.8%
974Czech Republic
61.3%
432Belgium
58.8%
1,022Kazakhstan
55%
720Uzbekistan
47.5%
658Vietnam
47.5%
406Algeria
41.3%
663Bangladesh
31.3%

You're not logged in!

Compare scores with friends on all Sporcle quizzes.
Join for Free
OR
Log In

You Might Also Like...

Show Comments

Extras

Top Quizzes Today


Score Distribution

Your Account Isn't Verified!

In order to create a playlist on Sporcle, you need to verify the email address you used during registration. Go to your Sporcle Settings to finish the process.

Report this User

Report this user for behavior that violates our Community Guidelines.

Details: